| 000 | 00849nam a22002177a 4500 | ||
|---|---|---|---|
| 005 | 20180823163324.0 | ||
| 010 | _aG-001383 ENG-123852 | ||
| 020 |
_a9788190647953 _c499.00 |
||
| 035 | _aG-001383 EN-107384 | ||
| 037 | _bGift | ||
| 037 | _bDBAD/PUB. | ||
| 082 | _a332.64254 | ||
| 100 | _aChabria, Yogesh | ||
| 245 |
_aHappionaire's cash the crash!: _cby Yogesh Chabria _bcreate even more wealth every time there is a stock market crash, economic slowdown and global gloom! / |
||
| 260 |
_aNew Delhi _bNetwork 18 Publications , _c2009 |
||
| 270 |
_a507, Prabhat Kiran, 17 Rajendra Palace _e110008 _bNew Delhi |
||
| 300 |
_a265p. _c22cm(Hb) |
||
| 500 | _a"The secret to financial security, freedom and wealth creation is in your hands." | ||
| 942 |
_2ddc _cEN _h332.64254 _mCHA |
||
| 999 |
_c56231 _d56231 |
||